header

Assessing the assignment policy for army women (Record no. 40822)

MARC details
000 -LEADER
fixed length control field 02395nam a2200397 a 4500
082 04 - DEWEY DECIMAL CLASSIFICATION NUMBER
Classification number 355.4082/0973
245 00 - TITLE STATEMENT
Title Assessing the assignment policy for army women
260 ## - PUBLICATION, DISTRIBUTION, ETC. (IMPRINT)
Place of publication Santa Monica, CA :
Name of publisher RAND National Defense Research Institute,
Year of publication 2007.
300 ## - PHYSICAL DESCRIPTION
Number of Pages xxvi, 158 p.
500 ## - GENERAL NOTE
General note "MG-590-1-OSD"--P. [4] of cover.
General note "Prepared for the Office of the Secretary of Defense."
505 0# - FORMATTED CONTENTS NOTE
Formatted contents note Introduction -- Is there a shared interpretation of the assignment policy for Army women? -- Is the Army complying with the assignment policy? -- Is the assignment policy appropriate for future military operations? -- Conclusions and recommendations -- Appendixes: A. Aspin 1994 memorandum -- B. The difference between an assignment policy and an employment policy -- C. Opportunities available to Army women -- D. Army women deployed to Iraq -- E. Interviews with senior Army, OSD, and JS personnel and members of congress -- F. Interviews and focus groups with personnel recently returned from Iraq -- G. Army modularity, asymmetric threats, and nonlinear battlefields -- H. Female Army recipients of the Combat Action Badge.
650 #0 - SUBJECT ADDED ENTRY--TOPICAL TERM
Topical Term Women in combat
Topical Term Women soldiers
700 1# - ADDED ENTRY--PERSONAL NAME
Personal name Harrell, Margaret C.
856 40 - ELECTRONIC LOCATION AND ACCESS
Uniform Resource Identifier http://site.ebrary.com/lib/rucke/Doc?id=10225513

No items available.

© 2026 Rongo University
Contact us: librarian | system librarian | Rongo university